000 00531nam a22001457a 4500
003 0
005 20221017132043.0
008 221017b xxu||||| |||| 00| 0 eng d
050 _aT58
_b.O25 2019
245 _aDevelopment of barangay information management system for barangay natatas, Tanauan City, Batangas
_cRuth D. Ramil-Oclida
260 _aLas Pinas City, Philippines
_bSouthville International School and Colleges
_cC2019
300 _axii,85pp.
_c28cm.
_fTheses
500 _aManagement information system.
942 _2lcc
_cTH
999 _c364857
_d364857